| 000 | 00737nam a2200277Ia 4500 | ||
|---|---|---|---|
| 001 | Z_5949 | ||
| 003 | CHAP | ||
| 008 | 220113s1991 xx 000 0 und d | ||
| 010 | _a169162 | ||
| 020 | _a84-606-0397-0 | ||
| 040 | _cCHAP | ||
| 082 | _a636.508 L54 | ||
| 245 |
_aHiginene y patología aviares / _cFrancesc Lleonart Roca colaborador; [et al] |
||
| 260 |
_aEspaña : _bReal Escuela de Avicultura, _c1991 |
||
| 300 | _a421 p. | ||
| 503 | _aej.1: C/E | ||
| 505 | _aíndice de materia, índice alfabético | ||
| 650 |
_aHigiene veterinaria _955335 |
||
| 700 |
_aI. Lleonart Roca, Francesc, colaborador. _9143522 |
||
| 901 | _a636.508 L54 | ||
| 902 | _aA | ||
| 910 | _a1991 | ||
| 942 | _c1 | ||
| 942 | _cc1 | ||
| 999 |
_c169162 _d169162 |
||